000 00742nam0a22002651 4500
001 rc\4083810
005 20130415155355.7
021 _aRU
_b[51-20703]
035 _a(NLR Aleph) 008127606
090 _a9403266
_c9403266
100 _a20130415d1951 |||y0rusy50 ca
101 0 _arus
102 _aRU
105 _aa z |||||
200 1 _aУдобрение навозом
205 _a7-е изд., испр. и доп.
210 _aМосква
_cСельхозгиз
_d1951
215 _a56 с.
_cил.
_d20
606 _aНавоз
_2psbo
700 1 _aПетров
_bС. Г.
_gСергей Георгиевич
801 0 _aRU
_bNLR
_gpsbo
801 1 _aRU
_bELAR
_2rusmarc
852 _aNLR
_jС30 Г-4/679
942 _cBOOK
980 _aNB